1956 1591 1662 1928 1046 1649 1660 1819 1208 1241 1959 1149 1713 1931 1326 1174 1256 1241 1000 1409 1958 1076 1185 1557 1521 1265 1819 1658 1364 1176 1844 1973 1116 1017 1382 1163 1485 1958 1133 1063 1312 1134 1742 1662 1381 1796 1189 1325 1982 1421 1770 1703 1824 1924 1175 1613 1314 1619 1540 1162 1119 1146 1727 1613 1814 1071 1619 1837 1436 1399 1746 1098 1759 1116 1998 1219 1237 1424 1837 1672 1071 1232 1518 1131 1829 1564 1543 1636 1379 1600 1031 1493 1185 1231 1955 1672 1647 1716 1974 BCNSPRNW ULIB Ver.6.0+V

เปลี่ยนเป็นภาษาไทย

Change to English
 แสดงรายละเอียดบรรณานุกรม
  กลับหน้าหลัก

Brief Record : Get Marc (ISO 2709) : E-mail record : QR code < ปิดหน้าต่าง
LEADER : 00000nam 2200000uu 4500
001    13399123795
003     ULIB
008    141128s2557||||th 000 0 tha d
020    ^a9786163612144
060  4 ^aWS100^bส238ก ล.2
245 00 ^aกุมารเวชศาสตร์ 2/^cบรรณาธิการโดย สมบูรณ์ จันทร์สกุลพร และคนอื่น ๆ
250    ^aพิมพ์ครั้งที่ 2
260    ^aกรุงเทพฯ:^bคณะแพทยศาสตร์ มหาวิทยาลัยศรีนครินทรวิโรฒ,^c2557.
300    ^a578 หน้า
650  0 ^aกุมารเวชศาสตร์
700 0  ^aสมบูรณ์ จันทร์สกุลพร,^eบรรณาธิการ
945    ^p400^l0^i22086
945    ^p400^l0^i22087
945    ^p400^l0^i22088
945    ^p400^l0^i22089
945    ^p400^l0^i22090
999    ^aทศพร เกษรทอง
รายการนี้ยังไม่มีแท็ก
คุณยังไม่ได้ล็อกอิน คุณสามารถมีกิจกรรมร่วมกับเว็บไซต์ได้ แต่ต้องล็อกอินก่อน ::
  ล็อกอิน

รายการสื่อสารสนเทศ

ลำดับที่ ประเภท เลขเรียก/บาร์โค้ด สถานที่ สถานะ
1. วิทยาศาสตร์การแพทย์ และสุขภาพ
วิทยาศาสตร์การแพทย์ และสุขภาพ
สถานะ=หนังสือเก่า
WS100 ส238ก ล.2 ฉ.1 
  Barcode: 22086
ห้องสมุดวิทยาเขตนครสวรรค์
►ส่วนจัดเก็บหนังสือเก่า นว.
บนชั้น
  ขอยืม
2. วิทยาศาสตร์การแพทย์ และสุขภาพ
วิทยาศาสตร์การแพทย์ และสุขภาพ
สถานะ=หนังสือเก่า
WS100 ส238ก ล.2 ฉ.2 
  Barcode: 22087
ห้องสมุดวิทยาเขตนครสวรรค์
►ส่วนจัดเก็บหนังสือเก่า นว.
บนชั้น
  ขอยืม
3. วิทยาศาสตร์การแพทย์ และสุขภาพ
วิทยาศาสตร์การแพทย์ และสุขภาพ
สถานะ=หนังสือเก่า
WS100 ส238ก ล.2 ฉ.3 
  Barcode: 22088
ห้องสมุดวิทยาเขตนครสวรรค์
►ส่วนจัดเก็บหนังสือเก่า นว.
บนชั้น
  ขอยืม
4. วิทยาศาสตร์การแพทย์ และสุขภาพ
วิทยาศาสตร์การแพทย์ และสุขภาพ
สถานะ=หนังสือเก่า
WS100 ส238ก ล.2 ฉ.4 
  Barcode: 22089
ห้องสมุดวิทยาเขตนครสวรรค์
►ส่วนจัดเก็บหนังสือเก่า นว.
บนชั้น
  ขอยืม
5. วิทยาศาสตร์การแพทย์ และสุขภาพ
วิทยาศาสตร์การแพทย์ และสุขภาพ
สถานะ=หนังสือเก่า
WS100 ส238ก ล.2 ฉ.5 
  Barcode: 22090
ห้องสมุดวิทยาเขตนครสวรรค์
►ส่วนจัดเก็บหนังสือเก่า นว.
บนชั้น
  ขอยืม

รายการใกล้เคียง
    หัวเรื่อง [กุมารเวชศาสตร์]

BibComment


ยังไม่เคยถูกคอมเมนท์

คอมเมนท์ทรัพยากรรายการนี้
  คอมเมนท์: กุมารเวชศาสตร์ 2..


 Copyright 2026. Bcnsprnw @Library